Fr. Conceicao Rodrigues College of Engineering

The Distorted Mirror (Record no. 23076)

MARC details
000 -LEADER
fixed length control field 00288nam a2200145Ia 4500
082 ## - DEWEY DECIMAL CLASSIFICATION NUMBER
Classification number 808.83/LAX
Item number LAX
100 ## - MAIN ENTRY--PERSONAL NAME
Personal name Laxman/R.K
245 ## - TITLE STATEMENT
Title The Distorted Mirror
260 ## - PUBLICATION, DISTRIBUTION, ETC.
Name of publisher, distributor, etc. Penquin books
366 ## - TRADE AVAILABILITY INFORMATION
Publishers's discount category 17.5
546 ## - LANGUAGE NOTE
Language note ENGLISH
650 ## - SUBJECT ADDED ENTRY--TOPICAL TERM
Topical term or geographic name entry element Fiction
942 ## - ADDED ENTRY ELEMENTS (KOHA)
Koha item type BOOK
Holdings
Withdrawn status Lost status Damaged status Not for loan Collection Home library Current library Date acquired Source of acquisition Cost, normal purchase price Inventory number Total Checkouts Full call number Barcode Date last seen Date last checked out Cost, replacement price Price effective from Koha item type
        CRC Fr. Agnel's C.Rodrigues College of Engineering Fr. Agnel's C.Rodrigues College of Engineering 17/03/2023 Educational books and periodicals 123.75 258 dt 27/04/2009 1 808.83/LAX LAX 19587 02/03/2026 17/02/2026 150.00   BOOK